Value added tax in North-East India: (Record no. 27943)

MARC details
000 -LEADER
fixed length control field 01074nam a22002657a 4500
005 - DATE AND TIME OF LATEST TRANSACTION
control field 20090627144524.0
008 - FIXED-LENGTH DATA ELEMENTS--GENERAL INFORMATION
fixed length control field 090627t xxu||||| |||| 00| 0 eng d
010 ## - LCCN (DPL NO)
LC control number ENG-94274
020 ## - INTERNATIONAL STANDARD BOOK NUMBER
International Standard Book Number 8183242979
Terms of availability 550.00
020 ## - INTERNATIONAL STANDARD BOOK NUMBER
International Standard Book Number 9788183242974
Terms of availability 550.00
035 ## - SYSTEM CONTROL NUMBER
System control number EN-77807
037 ## - SOURCE OF ACQUISITION
Source of stock number/acquisition DBAD / PUB
040 ## - CATALOGING SOURCE
Original cataloging agency dpl
Language of cataloging English
082 ## - DEWEY DECIMAL CLASSIFICATION NUMBER
Classification number 336.27140954
245 ## - TITLE STATEMENT
Title Value added tax in North-East India:
Statement of responsibility, etc [edited by] Ram Krishna Mandal.
Remainder of title issues and strategies /
260 ## - PUBLICATION, DISTRIBUTION, ETC. (IMPRINT)
Place of publication, distribution, etc New Delhi
Name of publisher, distributor, etc Mittal Publications
Date of publication, distribution, etc 2009
270 ## - ADDRESS
Address 4594/9, Daryaganj,
City New Delhi
Postal code 110002
300 ## - PHYSICAL DESCRIPTION
Extent xvi, 207p.
Dimensions 23cm(Hb)
500 ## - GENERAL NOTE
General note Includes index
520 ## - SUMMARY, ETC.
Summary, etc Papers presented at a seminar held at Itanagar during 15-16 February 2008.
650 ## - SUBJECT ADDED ENTRY--TOPICAL TERM
Topical term or geographic name as entry element Value-added tax
Geographic subdivision India, Northeastern
700 ## - ADDED ENTRY--PERSONAL NAME
Personal name Mandal, Ramkrishna,
Dates associated with a name 1966-
942 ## - ADDED ENTRY ELEMENTS (KOHA)
Source of classification or shelving scheme Dewey Decimal Classification
Item type English Books
Call number suffix MAN
Classification part 336.27140954
Holdings
Withdrawn status Lost status Source of classification or shelving scheme Damaged status Not for loan Collection code Home library Current library Date acquired Source of acquisition Cost, normal purchase price Total Checkouts Full call number Barcode Date last seen Copy number Cost, replacement price Koha item type
    Dewey Decimal Classification   Not For Loan Non-fiction D.B.Act.Division D.B.Act.Division 27/06/2009 DBAD / PUB 550.00   336.27140954 MAN EN-77807 27/06/2009 1 550.00 English Books

© Delhi Public Library
Hit Counter
free hit counter